00825cam a22002534a 45000010008000000030004000080050017000120080041000290100017000700200032000870400018001190420008001370500020001450820012001651000019001772450046001962500012002422600035002543000036002895040064003256500024003898560085004138560073004984520506OSt20160810105919.0990204s2000 maua b 001 0 eng  a 99012903  a0072902000 (acidfree paper) aDLCcDLCdDLC apcc00aMT90b.K34 200000a7802211 aKamien, Roger.10aMusic :ban appreciation /cRoger Kamien. a7th ed. aBoston :bMcGraw-Hill,cc2000. axxxiv, 738 p. :bill. ;c24 cm. aIncludes bibliographical references (p. 697-698) and index. 0aMusic appreciation.423Publisher descriptionuhttp://www.loc.gov/catdir/description/mh023/99012903.html413Table of contentsuhttp://www.loc.gov/catdir/toc/mh022/99012903.html